000 00520nam a2200169 4500
001 148246
003 ES-MaACL
005 20230906202520.0
007 t|
008 070214s1973 sp r ||||1| spa d
100 1 _aStapleton, John.
_9107921
245 1 0 _aCómo se prepara un plan de marketing /
_cJohn Stapleton ; traducción de José María Clivilles.
260 _aSalamanca :
_bAnaya,
_c1973.
300 _a171 p. ;
_c24 cm.
700 1 _aClivilles, José María.
_939272
852 _aES-MaACL
_jC-51993
_bR.85624
999 _c148246
_d148246